[Event "First Saturday 2011 szeptember GM"]
[Site "Budapest"]
[Date "2011.09.09"]
[Round "7"]
[White "Vajda, Levente"]
[Black "Varga, Zoltan"]
[Result "1/2-1/2"]
[WhiteElo "2557"]
[BlackElo "2474"]
[PlyCount "33"]
[EventDate "2011.09.03"]

1. e4 c5 2. Nf3 Nc6 3. c3 e6 4. d4 d5 5. exd5 exd5 6. Be3 c4 7. b3 cxb3 8. axb3
Bd6 9. Bd3 Nge7 10. O-O Bf5 11. Bxf5 Nxf5 12. Bg5 f6 13. Qd3 Nfe7 14. Bh4 Qd7
15. Bg3 Bxg3 16. hxg3 O-O 17. Nbd2 1/2-1/2

[Event "First Saturday 2011 szeptember GM"]
[Site "Budapest"]
[Date "2011.09.09"]
[Round "7"]
[White "Kislik, Erik Andrew"]
[Black "Hagen, Andreas Skytte"]
[Result "1/2-1/2"]
[WhiteElo "2320"]
[BlackElo "2454"]
[PlyCount "43"]
[EventDate "2011.09.03"]

1. d4 Nf6 2. c4 e6 3. Nf3 b6 4. g3 Ba6 5. Qa4 c5 6. Bg2 Bb7 7. O-O cxd4 8. Nxd4
Qc8 9. Rd1 Be7 10. Nc3 Bxg2 11. Kxg2 O-O 12. f3 a6 13. Bg5 Nc6 14. Nxc6 dxc6
15. Rd2 Qb7 16. Rad1 Rfd8 17. Rxd8+ Rxd8 18. Rxd8+ Bxd8 19. Qd1 Be7 20. Bxf6
Bxf6 21. Ne4 Be7 22. Qd3 1/2-1/2

[Event "First Saturday 2011 szeptember GM"]
[Site "Budapest"]
[Date "2011.09.09"]
[Round "7"]
[White "Battey, Alexander"]
[Black "Czebe, Attila"]
[Result "0-1"]
[WhiteElo "2313"]
[BlackElo "2513"]
[PlyCount "112"]
[EventDate "2011.09.03"]

1. e4 g6 2. d4 d6 3. Nc3 c6 4. Be3 Nf6 5. Nf3 Bg7 6. Qd2 b5 7. Bd3 Bg4 8. Ng1
e5 9. dxe5 dxe5 10. h3 Be6 11. Nf3 Nbd7 12. Ng5 Nf8 13. a4 b4 14. Ne2 a5 15.
O-O h6 16. Nxe6 Nxe6 17. Rad1 Qe7 18. c3 Rb8 19. f4 exf4 20. Nxf4 Nxf4 21. Bxf4
Rd8 22. cxb4 axb4 23. e5 Nd5 24. e6 f5 25. g4 O-O 26. Bxh6 f4 27. Bxf4 Rxf4 28.
Rxf4 Bh6 29. Bc4 Rd6 30. Rdf1 Nxf4 31. Qxd6 Qxd6 32. e7+ Kh7 33. e8=Q Qd4+ 34.
Kh1 Qxc4 35. Qe7+ Bg7 36. Qh4+ Kg8 37. Qd8+ Bf8 38. Qd1 Ne2 39. Rf3 Bd6 40. Qb3
Qxb3 41. Rxb3 Nd4 42. Rd3 c5 43. a5 Bc7 44. a6 Bb6 45. h4 c4 46. Rh3 Nb5 47.
Rf3 Kg7 48. g5 Bd4 49. Rf4 c3 50. bxc3 bxc3 51. Rxd4 Nxd4 52. a7 c2 53. a8=Q
c1=Q+ 54. Kh2 Qc2+ 55. Kh1 Qd1+ 56. Kh2 Nf3+ 0-1

[Event "First Saturday 2011 szeptember GM"]
[Site "Budapest"]
[Date "2011.09.09"]
[Round "7"]
[White "Mulyar, Michael A"]
[Black "Illinworth, Max"]
[Result "1/2-1/2"]
[WhiteElo "2421"]
[BlackElo "2357"]
[PlyCount "24"]
[EventDate "2011.09.03"]

1. d4 g6 2. c4 Bg7 3. Nf3 Nf6 4. g3 c5 5. Bg2 O-O 6. O-O cxd4 7. Nxd4 d5 8.
cxd5 Nxd5 9. Nc3 Nxc3 10. bxc3 Qa5 11. Qb3 Nc6 12. Be3 Rd8 1/2-1/2

[Event "First Saturday 2011 szeptember GM"]
[Site "Budapest"]
[Date "2011.09.09"]
[Round "7"]
[White "Poetsch, Hagen"]
[Black "Rodrigez, Lopez Rafael"]
[Result "1-0"]
[WhiteElo "2401"]
[BlackElo "2313"]
[PlyCount "45"]
[EventDate "2011.09.03"]

1. e4 c5 2. Nf3 e6 3. Nc3 a6 4. d4 cxd4 5. Nxd4 Qc7 6. Bd3 Nf6 7. O-O d6 8. f4
Nbd7 9. Qf3 Be7 10. Be3 b5 11. a3 Bb7 12. Qg3 O-O 13. Rae1 Rac8 14. Nf3 g6 15.
Qh3 Rfe8 16. Ng5 Bf8 17. e5 dxe5 18. fxe5 Qxe5 19. Nxf7 Qh5 20. Qxh5 gxh5 21.
Ng5 h6 22. Nge4 Nxe4 23. Nxe4 1-0

[Event "First Saturday 2011 szeptember GM"]
[Site "Budapest"]
[Date "2011.09.10"]
[Round "8"]
[White "Illinworth, Max"]
[Black "Poetsch, Hagen"]
[Result "1-0"]
[WhiteElo "2357"]
[BlackElo "2401"]
[PlyCount "69"]
[EventDate "2011.09.03"]

1. e4 d5 2. exd5 Qxd5 3. Nc3 Qd6 4. d4 Nf6 5. Nf3 c6 6. Ne5 Nbd7 7. f4 Nb6 8.
g4 Be6 9. Bg2 g6 10. g5 Nfd7 11. Ne4 Qc7 12. b3 Bg7 13. Bb2 f6 14. Nd3 Nd5 15.
Qd2 fxg5 16. Nxg5 Bf5 17. c4 N5f6 18. O-O h6 19. Nf3 O-O-O 20. Nde5 Rhf8 21.
Qe2 Nh5 22. Nh4 c5 23. Nxf5 Rxf5 24. Nxg6 Nxf4 25. Qe4 Nxg6 26. Rxf5 cxd4 27.
Rf7 Rg8 28. Qxg6 Qxh2+ 29. Kxh2 Be5+ 30. Kh1 Rxg6 31. Rxe7 Kd8 32. Rxe5 Nxe5
33. Bxd4 Ng4 34. Bxb7 Rd6 35. Bd5 1-0

[Event "First Saturday 2011 szeptember GM"]
[Site "Budapest"]
[Date "2011.09.10"]
[Round "8"]
[White "Czebe, Attila"]
[Black "Mulyar, Michael A"]
[Result "1-0"]
[WhiteElo "2513"]
[BlackElo "2421"]
[PlyCount "59"]
[EventDate "2011.09.03"]

1. c4 e5 2. Nc3 Nc6 3. a3 g6 4. e4 Bg7 5. d3 d6 6. Nge2 f5 7. g3 Nf6 8. Bg2 O-O
9. O-O Be6 10. Nd5 Qd7 11. Bg5 Nh5 12. Qd2 Rf7 13. b4 Raf8 14. exf5 gxf5 15.
Bf3 Nf6 16. Nxf6+ Bxf6 17. Bh5 Rg7 18. Bh6 e4 19. Rac1 Ne5 20. Nf4 Bg5 21. Bxg7
Qxg7 22. Nxe6 Bxd2 23. Nxg7 Bxc1 24. Ne6 Rf6 25. Nxc7 Nxd3 26. Nd5 Re6 27. Be2
a6 28. Bxd3 exd3 29. Rd1 d2 30. Kf1 1-0

[Event "First Saturday 2011 szeptember GM"]
[Site "Budapest"]
[Date "2011.09.10"]
[Round "8"]
[White "Hagen, Andreas Skytte"]
[Black "Battey, Alexander"]
[Result "1/2-1/2"]
[WhiteElo "2454"]
[BlackElo "2313"]
[PlyCount "36"]
[EventDate "2011.09.03"]

1. c4 b6 2. Nc3 Bb7 3. e4 e5 4. Nf3 Nf6 5. d3 Nc6 6. Be2 g6 7. O-O Bg7 8. Nd5
h6 9. Rb1 a5 10. a3 O-O 11. b4 axb4 12. axb4 d6 13. Bd2 Kh7 14. Ra1 Qd7 15. Qb3
Nxd5 16. cxd5 Na7 17. Ra4 Nb5 18. Rfa1 Rxa4 1/2-1/2

[Event "First Saturday 2011 szeptember GM"]
[Site "Budapest"]
[Date "2011.09.10"]
[Round "8"]
[White "Vajda, Levente"]
[Black "Kislik, Erik Andrew"]
[Result "1-0"]
[WhiteElo "2557"]
[BlackElo "2320"]
[PlyCount "97"]
[EventDate "2011.09.03"]

1. e4 c5 2. c3 Nf6 3. e5 Nd5 4. d4 cxd4 5. Nf3 e6 6. cxd4 d6 7. Bc4 Nc6 8. O-O
Be7 9. Qe2 O-O 10. Nc3 Nxc3 11. bxc3 dxe5 12. dxe5 Qa5 13. Bd2 Rd8 14. Rfe1 b6
15. Qe4 Bb7 16. Bb3 Rd7 17. Qg4 Kh8 18. Qh3 Ba6 19. Bg5 Bd3 20. Bxe7 Nxe7 21.
Ng5 Bg6 22. Qf3 Nd5 23. Red1 h6 24. c4 hxg5 25. cxd5 Rad8 26. Qe3 exd5 27. Qxg5
Re8 28. Rac1 Rde7 29. Rd4 Be4 30. Qh4+ Kg8 31. f3 Qa3 32. Rcd1 Bf5 33. g4 Be6
34. h3 Qc5 35. Qf2 f6 36. exf6 gxf6 37. Qh4 Rh7 38. Qxf6 Bf7 39. Kg2 Re2+ 40.
Kg3 Qc7+ 41. Rf4 Re6 42. Qd4 Reh6 43. Rh1 Qe7 44. Bxd5 Rd6 45. Bxf7+ Rxf7 46.
Rxf7 Kxf7 47. Qc4+ Kf8 48. Rc1 Rd8 49. Qf4+ 1-0

[Event "First Saturday 2011 szeptember GM"]
[Site "Budapest"]
[Date "2011.09.11"]
[Round "9"]
[White "Kislik, Erik Andrew"]
[Black "Varga, Zoltan"]
[Result "1/2-1/2"]
[WhiteElo "2320"]
[BlackElo "2474"]
[PlyCount "37"]
[EventDate "2011.09.03"]

1. e4 d6 2. d4 Nf6 3. Nc3 g6 4. Nf3 Bg7 5. Be2 O-O 6. O-O c5 7. d5 e6 8. Nd2
exd5 9. exd5 Nbd7 10. Nc4 Nb6 11. Ne3 Re8 12. a4 Ne4 13. Nxe4 Rxe4 14. c3 a5
15. Bd3 Re8 16. Bd2 Bd7 17. Qb3 Bh6 18. Rfe1 Qc7 19. c4 1/2-1/2

[Event "First Saturday 2011 szeptember GM"]
[Site "Budapest"]
[Date "2011.09.11"]
[Round "9"]
[White "Battey, Alexander"]
[Black "Vajda, Levente"]
[Result "0-1"]
[WhiteElo "2313"]
[BlackElo "2557"]
[PlyCount "58"]
[EventDate "2011.09.03"]

1. d4 Nf6 2. Bg5 Ne4 3. Bf4 c5 4. f3 Nf6 5. dxc5 g6 6. Nc3 Bg7 7. e4 O-O 8. Qd2
b6 9. Bh6 bxc5 10. h4 Nc6 11. h5 e6 12. hxg6 fxg6 13. Bxg7 Kxg7 14. Bb5 Nd4 15.
Qh6+ Kg8 16. e5 Nxc2+ 17. Kd1 Nxa1 18. Ne4 Nh5 19. Rxh5 gxh5 20. Bd3 Qe7 21.
Nf6+ Kh8 22. Nxh7 Qg7 23. Qxh5 Kg8 24. Ng5 Rd8 25. Nh7 d6 26. Nf6+ Kf8 27. Qh4
dxe5 28. Nh7+ Ke8 29. Nf6+ Kf7 0-1

[Event "First Saturday 2011 szeptember GM"]
[Site "Budapest"]
[Date "2011.09.11"]
[Round "9"]
[White "Mulyar, Michael A"]
[Black "Hagen, Andreas Skytte"]
[Result "1/2-1/2"]
[WhiteElo "2421"]
[BlackElo "2454"]
[PlyCount "86"]
[EventDate "2011.09.03"]

1. d4 Nf6 2. c4 g6 3. Nc3 d5 4. Nf3 Bg7 5. cxd5 Nxd5 6. e4 Nxc3 7. bxc3 c5 8.
Rb1 O-O 9. Be2 h6 10. O-O Qc7 11. Bb2 Bg4 12. d5 Nd7 13. c4 Bxf3 14. Bxf3 Bxb2
15. Rxb2 Qe5 16. Rb3 Nf6 17. Re3 Ne8 18. Be2 Nd6 19. Bd3 e6 20. Qe2 b5 21. cxb5
exd5 22. exd5 Qxd5 23. Rd1 Rae8 24. Bxg6 Rxe3 25. fxe3 Qe5 26. Bc2 c4 27. Qg4+
Kh8 28. Qd4 Qxd4 29. Rxd4 Nxb5 30. Rxc4 Na3 31. Rc3 Nxc2 32. Rxc2 Rb8 33. Rc7
Rb1+ 34. Kf2 Rb2+ 35. Kf3 Rxa2 36. Rxf7 Kg8 37. Rb7 a5 38. Ra7 a4 39. h4 a3 40.
g4 Ra1 41. Ke4 a2 42. g5 hxg5 43. hxg5 Kf8 {after 25 move} 1/2-1/2

[Event "First Saturday 2011 szeptember GM"]
[Site "Budapest"]
[Date "2011.09.11"]
[Round "9"]
[White "Poetsch, Hagen"]
[Black "Czebe, Attila"]
[Result "0-1"]
[WhiteElo "2401"]
[BlackElo "2513"]
[PlyCount "44"]
[EventDate "2011.09.03"]

1. e4 g6 2. d4 c6 3. Nf3 Bg7 4. c4 d6 5. Nc3 Nf6 6. Be2 O-O 7. O-O a6 8. e5
dxe5 9. Nxe5 b5 10. Bf3 bxc4 11. Nxc6 Nxc6 12. Bxc6 Rb8 13. Bf3 Bf5 14. Re1 Bd3
15. Bf4 Rxb2 16. Na4 Rc2 17. Be5 Nd5 18. Bxg7 Kxg7 19. Rc1 Nb4 20. d5 Qa5 21.
Nc3 Rxc1 22. Qxc1 Nc2 0-1

[Event "First Saturday 2011 szeptember GM"]
[Site "Budapest"]
[Date "2011.09.11"]
[Round "9"]
[White "Rodrigez, Lopez Rafael"]
[Black "Illinworth, Max"]
[Result "0-1"]
[WhiteElo "2313"]
[BlackElo "2357"]
[PlyCount "50"]
[EventDate "2011.09.03"]

1. e4 e5 2. Nf3 Nc6 3. Bb5 a6 4. Ba4 Nf6 5. O-O Be7 6. Re1 b5 7. Bb3 d6 8. c3
O-O 9. h3 Na5 10. Bc2 d5 11. exd5 e4 12. Ng5 Nxd5 13. Nxe4 f5 14. Ng3 f4 15.
Ne4 f3 16. d4 fxg2 17. Kxg2 Qd7 18. Qg4 Qc6 19. Qg3 Bd6 20. Qh4 Bf5 21. Kg1
Rae8 22. Nbd2 Nf4 23. Re3 Ng6 24. Qh5 Bf4 25. d5 Qxd5 0-1